| 000 | 01050nam2a22002291 4500 | ||
|---|---|---|---|
| 001 | rc\3917677 | ||
| 005 | 20250610125412.0 | ||
| 035 | _a(NLR Aleph) 007911929 | ||
| 090 |
_a8102892 _c8102892 |
||
| 100 | _a20130415d1948 |||y0rusy50 ca | ||
| 101 | 0 | _arus | |
| 102 | _aRU | ||
| 105 | _ay z ||||| | ||
| 200 | 1 | _aКак живут и размножаются рыбы | |
| 210 |
_d1948 _aБ. м. |
||
| 461 | 0 |
_1001rc\3917675 _12001#$aБиблиотечка рыбака Сибири$e[Вып. 1]-$fМ-во рыбной пром. вост. районов СССР. Гл. упр. рыбной пром. Сибири$v[Вып. 2] _98102882 _cНовосибирск _d1948 _fМ-во рыбной пром. вост. районов СССР. Гл. упр. рыбной пром. Сибири _nГлавсибрыбпром _o[Вып. 1]- _tБиблиотечка рыбака Сибири _v[Вып. 2] |
|
| 700 | 1 |
_aГундризер _bА.Н. |
|
| 801 | 0 |
_aRU _bNLR _gpsbo |
|
| 801 | 1 |
_aRU _bELAR _2rusmarc |
|
| 852 |
_aNLR _j302 Г-4/113 |
||
| 942 | _cBOOK | ||
| 980 | _aNB | ||